00455 2200193 4500001002100000005001500021008004100036020002200077035001900099041000700118082000800125090001400133100001700147245002500164260002100189300002300210500001400233650001400247INLIS00000000000265120241224112558241224||||||||| | ||| |||| || |  a978-979-024-032-2 0010-1224002651 aid0 a791 a791 AND s0 aBob Anderson00aStretching Pergangan aJakartabSerambi a235 hlm;28 x 21 cm aCet. 1, 2 0aOlah Raga